000 02212cam a22005654i 4500
003 PE-LiUPU
005 20250731180136.0
008 s2008 mx a r 000 spa
020 _a139789701063767
035 _a(Sirsi) i1397897010637
035 _a(Sirsi) 41820
035 _a(Sirsi) 41820
041 _aes
044 _amx
082 0 4 _a574
_bS66
_221
100 1 _aSolomon, Eldra Pearl
245 1 0 _aBiología /
_cEldra P. Solomon, linda R. Berg y Diana W. Martin.
250 _a8a edición.
264 1 _aMéxico :
_bMcGraw-Hill Interamericana,
_c2008
300 _a1234 páginas :
_bilustraciones ;
_c29 centímetros
505 0 _aLa organización de la vida -- Transferencia de energía a través de los sistemas vivos -- La continuidad de la vida: genética -- La continuidad de la vida: evolución -- La diversidad de la vida -- Estructura y procesos vitales en plantas -- Estructura y procesos vitales en los animales -- Las interacciones de la vida: ecología.
526 _aSEG44
526 _aSEG26
526 _aP159
526 _aP155
526 _aP154
526 _aP153
526 _aP150
526 _aP100
526 _aP31
526 _aP30
526 _aP26
526 _aP25
526 _aP24
526 _aP22
526 _aP15
526 _aP10
650 1 4 _aBiología
700 1 _aBerg, Linda R.
_ecoautor
700 1 _aMartin, Diana W.
_ecoautor
910 _bksl
_cksl
_d20190611
942 _2ddc
_cBOOK
949 _a574 S662008
_i59057
_lCCODEBUL1
_mBUL
_tLIBRO
_o.STAFF. Colección Ciencias de la Salud
859 _q59057
_h574
_iS662008
910 _agl
_bjv
_cng
_d20090305
596 _a1
999 _a574 S66 2008
_wDEWEY
_c47885
_i60181
_d47885
_e2019-6-17
_f2021-11-5
_g6
_lCCODEBUL1
_mBUL
_n59
_p108.00
_q10
_r0
_sY
_tBOOK
_u2015-6-25
_xBIBLIOTECA
_PP24
_0COMPRA
_o.STAFF. Colección Ciencias de la Salud
999 _a574 S66 2008
_wDEWEY
_c2
_i59057
_d2019-6-28
_e2019-6-17
_f2021-11-5
_g5
_lCCODEBUL1
_mBUL
_n69
_p67.00
_q18
_r0
_sY
_tBOOK
_u2015-6-25
_xBIBLIOTECA
_PP22
_0COMPRA
_o.STAFF. Colección Ciencias de la Salud
980 _81
_gALBERTO SANCHEZ Responsable de Automatización